Countries That Don't Exist - Statistics

General Stats
  • This quiz has been taken 77 times
  • The average score is 5 of 13
Answer Stats
Date Founded Countries % Correct
February 17, 2008 Kosovo
76%
November 15, 1988 Palestine
76%
January 1, 1912 Taiwan
65%
May 29,1992 South Ossetia
58%
October 12, 1999 Abkhazia
45%
September 2, 1990 Transnistria
40%
November 15, 1983 Turkish Republic of Northern Cyprus
39%
August 4,1965 Cook Islands
13%
October 19,1974 Niue
13%
September 21, 1991 Armenia
10%
January 6, 1992 Nagorno-Karabakh
10%
February 27, 1976 Sahrawi Arab Democratic Republic
8%
May 22, 2014 New Russia
5%
No matching quizzes found
Score Distribution
Percent of People with Each Score
Percentile by Number Answered
Your Score History
You have not taken this quiz